000 01212nam a2200349 a 4500
999 _c532
_d532
008 190912s2013 xxk grb 000 0 eng d
020 _a9780415843201 (set : hbk.)
_c£ 290.00
020 _a9780415835169 (volume 1 : hbk.)
020 _a9780415839068 (volume 2 : hbk.)
040 _aKO
_beng
041 0 _aeng
044 _axxk
082 0 4 _223
_a343.41096
_bM3124
100 1 _aMandaraka-Sheppard, Alexandra,
_d1949-
240 1 0 _aModern Maritime Law and Risk Management
245 1 0 _aModern Maritime Law /
_cAleka Mandaraka-Sheppard, Alan van Pragg
250 _a3rd ed.
260 _aLondon :
_bRoutledge,
_c2013
300 _a2 volumes ;
_c26 cm.
_b25 cm.
490 0 _aMaritime and Transport Law Library
500 _a"Revision of the author's Modern maritime law and risk management.
504 _aIncludes bibliographical references.
505 0 _aContents: v.1. Risks and jurisdiction -- v.2. Managing risks and liabilities.
650 0 _aAdmiralty
_zGreat Britain.
650 0 _aRisk management
_zGreat Britain.
700 _aPragg, Alan van
_ectb
740 0 2 _aRisks and Jurisdiction
740 0 2 _aManaging Risks and Liabilities
904 _aRUDRA_R
942 _cRT